Normal view
MARC view
- Khurram Javed syn no 6
Entry Personal Name
001 - CONTROL NUMBER
- control field: 47992
003 - CONTROL NUMBER IDENTIFIER
- control field: NUST
005 - DATE AND TIME OF LATEST TRANSACTION
- control field: 20210314133940.0
008 - FIXED-LENGTH DATA ELEMENTS
- fixed length control field: 210314|| aca||aabn | a|a d
040 ## - CATALOGING SOURCE
- Original cataloging agency: NUST
- Transcribing agency: NUST
100 ## - HEADING--PERSONAL NAME
- Personal name: Khurram Javed syn no 6
670 ## - SOURCE DATA FOUND
- Source citation: Work cat.: (NUST): Khurram Javed syn no 6, Evaluation of Causes of Cracks Occuring in Super Structure of Jhal Khanuana Bridge Faisalabad and Their Remdial Measues, 23 April 2003
